00539 2200169 4500245005700000020002200057250001100079100001900090650002300109005001900132260003700151041001400188084000800202500011500210490003500325336000900360 aEvolusi dan Genetika Volume 11cA. Ari DartoyohText a978-602-7706-11-8 aCet. 1 aA. Ari Dartoyo aEnsiklopedia Sains a20231108103610 aJakartabIndonesia Printerc2012 aIndonesia a503 aDaftar Isi : Mitos dan Bukti Ilmiah, Asal-usul Kehidupan, Evolusi Manusia, Mekanisme Hereditas, Abad Genetika. aEnsiklopedia Sains Spektakuler atext